Debiuty szachowe - Statystyki

Ogólne statystyki
  • Ten quiz został rozwiązany 7 razy
  • Średni wynik to 20 z 33
Statystyki odpowiedzi
Odpowiedź % Poprawnych
Partia Angielska
100%
Partia Hiszpańska
100%
Gambit Królewski
100%
System Londyński
100%
Obrona Słowiańska
100%
Partia Włoska
100%
Obrona Francuska
86%
Gambit Hetmański
86%
Obrona Skandynawska
86%
Obrona Sycylijska
86%
Obrona Caro-Kann
71%
Partia Katalońska
71%
Obrona Królewsko-indyjska
71%
Obrona Grünfelda
57%
Obrona Holenderska
57%
Obrona Nimzowitscha
57%
Wariant Nimzowitscha
57%
Partia Szkocka
57%
Obrona Alechina
43%
Obrona Benoni
43%
Debiut Birda
43%
Debiut Groba
43%
Obrona Hetmańsko-indyjska
43%
Obrona Pirca
43%
Otwarcie Polskie
43%
Debiut Rétiego
43%
Wariant Ałapina
29%
Gambit Benko
29%
Obrona Bogolubowa
29%
Królewskie Fianchetto
29%
Atak Królewsko-indyjski
29%
Debiut Trompowskiego
29%
Wariant Zamknięty
14%
Nie znaleziono quizów pasujących do podanych kryteriów
Rozkład punktacji
Procent ludzi z każdym wynikiem
Percentyl według liczby udzielonych odpowiedzi
Twoja historia wyników
Nie rozwiązałeś tego quizu